000 01005nam a2200313 i 4500
001 bg
100 1 _aDREGER, Henryk
245 1 0 _aSłownik handlowo-finansowy :
_bpolsko-niemiecki, niemiecko-polski /
_cHenryk Dreger, Piotr Dreger.
246 1 1 _aWörterbuch für Handel und Finanzen
250 _aWyd. 2 popr.
260 _aWarszawa :
_b"Poltext",
_c1998.
300 _a299 ; 367 s. ;
_c22 cm.
500 _aOprawne w kierunku przeciwstawnym.
501 _aWspółwyd. z: Wörterbuch für Handel und Finanzen : deutsch-polnisches, polnisch-deutsches / Henryk Dreger, Piotr Dreger.
650 9 _aFinanse
650 9 _aHandel
650 9 _aSłownik niemiecko-polski
650 9 _aSłownik polsko-niemiecki
655 _aSłowniki
700 1 _aDREGER, Piotr
700 1 _aDREGER, Henryk
020 _a8385366695
040 _cBPK
041 1 _apolger
080 _a336+339](038)=112.2=162.1
920 _a83-85366-69-5
942 _cKS
008 s pl f |000 0 pol
999 _c53192
_d53192
856 _uhttp://koha.tu.koszalin.pl/cgi-bin/koha/opac-detail.pl?biblionumber=53192
_yKatalog online BPK